[Event "Cattolica Weekend 1st"]
[Site "Cattolica"]
[Date "2019.06.16"]
[Round "4"]
[White "Cappai, Davide"]
[Black "Malfagia, Andrea"]
[Result "1-0"]
[WhiteElo "2185"]
[BlackElo "2191"]
[PlyCount "135"]
[EventDate "2019.06.14"]
[EventType "swiss"]
[EventRounds "5"]
[EventCountry "ITA"]
[SourceTitle "CBM 191 Extra"]
[Source "ChessBase"]
[SourceDate "2019.09.30"]
[SourceVersion "1"]
[SourceVersionDate "2019.09.30"]
[SourceQuality "1"]

1. e4 c5 2. Nf3 e6 3. d4 cxd4 4. Nxd4 Nc6 5. Nc3 a6 6. g3 Qc7 7. Bg2 Nf6 8. 0-0 Nxd4 9. Qxd4 Bc5 10. Qd3 Ng4 11. h3 Ne5 12. Qe2 d6 13. Kh1 Bd7 14. f4 Nc6 15. Be3 Bxe3 16. Qxe3 0-0 17. Rf2 Rac8 18. Rd1 Rfd8 19. Rfd2 Be8 20. Kh2 b5 21. a3 Na5 22. Bf1 Nc4 23. Bxc4 Qxc4 24. Rd4 Qc7 25. Qd3 a5 26. e5 d5 27. Rd2 Rb8 28. Qe3 b4 29. axb4 axb4 30. Ne2 Bb5 31. Ng1 Qc5 32. Nf3 Rdc8 33. f5 exf5 34. Qf4 Bc6 35. Qxf5 g6 36. Qf4 Qf8 37. Rf2 h6 38. Qd2 Qg7 39. Rxb4 d4 40. Rxb8 Rxb8 41. Nxd4 Be8 42. Qa5 Rxb2 43. Qc7 Rb1 44. c3 Re1 45. Rf6 h5 46. Qb8 Qf8 47. e6 Kg7 48. Rf2 Qe7 49. exf7 Bxf7 50. Nf3 Bd5 51. Nxe1 Qxe1 52. Qc7+ Kh6 53. Qf4+ Kh7 54. g4 h4 55. Qc7+ Kh6 56. Qf4+ Kh7 57. Qc7+ Kh6 58. Qf4+ Kh7 59. Rf1 Qxc3 60. g5 Qc2+ 61. Rf2 Qd1 62. Qxh4+ Kg8 63. Qf4 Qh1+ 64. Kg3 Kh7 65. Qc7+ Kg8 66. Qd8+ Kh7 67. Qe7+ Kg8 68. Rf8# 1-0

[Event "Crema op-A 17th"]
[Site "Crema"]
[Date "2016.09.04"]
[Round "5"]
[White "Malfagia, Andrea"]
[Black "Rifai, Abdulkader"]
[Result "1-0"]
[WhiteElo "2159"]
[BlackElo "2205"]
[PlyCount "116"]
[EventDate "2016.09.02"]
[EventType "swiss"]
[EventRounds "6"]
[EventCountry "ITA"]
[SourceTitle "EXT 2018"]
[Source "ChessBase"]
[SourceDate "2017.10.13"]
[SourceVersion "1"]
[SourceVersionDate "2017.10.13"]
[SourceQuality "1"]

1. d4 d5 2. Nf3 Nf6 3. c4 c6 4. Nc3 Bf5 5. e3 e6 6. Nh4 Bg4 7. Qb3 Qb6 8. h3 Bh5 9. g4 Bg6 10. Nxg6 hxg6 11. Bg2 Na6 12. Bd2 Be7 13. 0-0-0 0-0 14. Kb1 Qxb3 15. axb3 Nb4 16. g5 Nd7 17. e4 dxc4 18. bxc4 Nb6 19. b3 a5 20. Be3 f5 21. d5 Nc8 22. exf5 exd5 23. cxd5 gxf5 24. dxc6 bxc6 25. Bf4 Bc5 26. Rd2 Ne7 27. Rhd1 Ng6 28. Bd6 Bxd6 29. Rxd6 Nf4 30. Bf1 Rab8 31. Bc4+ Nfd5 32. Nxd5 cxd5 33. R1xd5 Nxd5 34. Rxd5 Kh8 35. Rxa5 Rbe8 36. Bd3 f4 37. g6 Rf6 38. Rh5+ Kg8 39. Bc4+ Kf8 40. Bf7 Re1+ 41. Kc2 Re2+ 42. Kd3 Rxf2 43. Rh8+ Ke7 44. Re8+ Kd7 45. Rg8 Rf3+ 46. Kd4 Rxh3 47. Rxg7 Rg3 48. Ke5 Rb6 49. Kxf4 Rg1 50. Bc4+ Ke8 51. Kf5 Kf8 52. Rf7+ Ke8 53. Ra7 Kf8 54. Rf7+ Ke8 55. g7 Rf1+ 56. Ke4 Re1+ 57. Kd4 Rd1+ 58. Ke5 Rg1 1-0

[Event "Crema op-A 17th"]
[Site "Crema"]
[Date "2016.09.03"]
[Round "3"]
[White "Malfagia, Andrea"]
[Black "Mrdja, Milan"]
[Result "1/2-1/2"]
[WhiteElo "2159"]
[BlackElo "2303"]
[PlyCount "68"]
[EventDate "2016.09.02"]
[EventType "swiss"]
[EventRounds "6"]
[EventCountry "ITA"]
[SourceTitle "EXT 2018"]
[Source "ChessBase"]
[SourceDate "2017.10.13"]
[SourceVersion "1"]
[SourceVersionDate "2017.10.13"]
[SourceQuality "1"]

1. d4 c5 2. d5 e6 3. c4 exd5 4. cxd5 d6 5. Nc3 g6 6. Nf3 a6 7. Bg5 f6 8. Bf4 Nh6 9. e3 Nf7 10. Nd2 Nd7 11. a4 Bg7 12. Be2 0-0 13. 0-0 Re8 14. Qc2 f5 15. Bg3 b6 16. Rfe1 Nf6 17. Rad1 Ra7 18. Nc4 Rb7 19. Qb3 Ne4 20. Nxe4 Rxe4 21. f3 Re8 22. Na3 Rb8 23. Bf1 Bf6 24. Qc2 Kg7 25. Kh1 Qd7 26. Qb3 Qd8 27. Qc2 Re7 28. Rb1 Rc7 29. Rec1 Bb7 30. Qd1 Re7 31. b4 Be5 32. Bf2 Bf6 33. Bg3 Be5 34. Bf2 Bf6 1/2-1/2

[Event "Vignola op 11th"]
[Site "Vignola"]
[Date "2012.11.17"]
[Round "2"]
[White "Cocuzzi, Edoardo"]
[Black "Malfagia, Andrea"]
[Result "1-0"]
[WhiteElo "1958"]
[BlackElo "2254"]
[PlyCount "119"]
[EventDate "2012.11.16"]
[EventType "swiss"]
[EventRounds "5"]
[EventCountry "ITA"]
[SourceTitle "EXT 2014"]
[Source "ChessBase"]
[SourceDate "2013.11.20"]
[SourceVersion "1"]
[SourceVersionDate "2013.11.20"]
[SourceQuality "1"]

1. e4 d6 2. d4 Nf6 3. Nc3 e5 4. dxe5 dxe5 5. Qxd8+ Kxd8 6. Bc4 Be6 7. Bxe6 fxe6 8. f3 Bc5 9. Na4 Bd6 10. Be3 Nbd7 11. 0-0-0 Ke7 12. c4 b5 13. cxb5 Rhb8 14. Nc3 a6 15. bxa6 Rxa6 16. Rd2 Bb4 17. Nge2 Nc5 18. Bxc5+ Bxc5 19. Rc2 Be3+ 20. Kb1 Nd7 21. Rd1 Nc5 22. Nc1 g5 23. Nd3 Nd7 24. Re1 Ba7 25. Nd1 Rb7 26. N1f2 Bd4 27. Rec1 Kd6 28. Rc4 c5 29. Nd1 Rba7 30. a3 Ra5 31. R4c2 Rb5 32. Nc3 Rb3 33. a4 Ra5 34. Ne1 Bxc3 35. Rxc3 Rxc3 36. Rxc3 Rxa4 37. b3 Ra5 38. Nc2 Rb5 39. Na3 Rb8 40. Nc4+ Ke7 41. Rd3 h5 42. Na5 Rb6 43. Nc4 Ra6 44. g3 Ra7 45. h4 gxh4 46. gxh4 Rb7 47. Na5 Rc7 48. Rd2 Rc8 49. Rg2 Rf8 50. Rg7+ Kd6 51. Nc4+ Kc6 52. Kc2 Rxf3 53. Rxd7 Rf4 54. Nxe5+ Kb5 55. Kd3 Rxh4 56. Rb7+ Ka6 57. Rd7 Rh3+ 58. Kc4 Re3 59. Kxc5 Rxe4 60. Nc6 1-0

[Event "Mirandola Giovanni Pico op 4th"]
[Site "Mirandola"]
[Date "2011.01.16"]
[Round "5"]
[White "Malfagia, Andrea"]
[Black "Basso, Pier Luigi"]
[Result "1-0"]
[WhiteElo "2286"]
[BlackElo "1981"]
[PlyCount "109"]
[EventDate "2011.01.14"]
[EventType "swiss"]
[EventRounds "5"]
[EventCountry "ITA"]
[SourceTitle "EXT 2012"]
[Source "ChessBase"]
[SourceDate "2011.11.24"]
[SourceVersion "1"]
[SourceVersionDate "2011.11.24"]
[SourceQuality "1"]

1. d4 d5 2. Nf3 Nf6 3. c4 e6 4. g3 b6 5. Bg2 Bb7 6. Ne5 Nbd7 7. Qa4 c5 8. Bg5 h6 9. Bxf6 gxf6 10. Nxd7 Qxd7 11. Qxd7+ Kxd7 12. dxc5 Bxc5 13. 0-0 Kc7 14. cxd5 Bxd5 15. Bxd5 exd5 16. Nc3 Kc6 17. Rac1 a5 18. Rfd1 Rhd8 19. e3 Rd7 20. Ne2 Kd6 21. Rc4 Kc6 22. Rh4 Rh8 23. a3 b5 24. Rh5 Re8 25. Nf4 d4 26. Rc1 Re5 27. Rxe5 fxe5 28. Nd3 Kb6 29. Nxc5 Rd5 30. exd4 Rxd4 31. Kf1 Rd2 32. b4 axb4 33. axb4 Rd4 34. Rb1 h5 35. Ke2 h4 36. gxh4 Rxh4 37. Rb3 Kc6 38. h3 Kd5 39. Rd3+ Kc4 40. Re3 Kd5 41. Nd3 e4 42. Ne1 f5 43. Rc3 e3 44. Rc5+ Ke6 45. Rxb5 exf2 46. Ng2 Rc4 47. Kxf2 f4 48. h4 Kd6 49. Kf3 Rd4 50. Nxf4 Kc6 51. Rb8 Rd6 52. Re8 Kb5 53. Re4 Rd1 54. Kg4 Rg1+ 55. Kf5 1-0

[Event "Mirandola Giovanni Pico op 4th"]
[Site "Mirandola"]
[Date "2011.01.16"]
[Round "4"]
[White "Xia, Jie"]
[Black "Malfagia, Andrea"]
[Result "1-0"]
[WhiteElo "2198"]
[BlackElo "2286"]
[PlyCount "129"]
[EventDate "2011.01.14"]
[EventType "swiss"]
[EventRounds "5"]
[EventCountry "ITA"]
[SourceTitle "EXT 2012"]
[Source "ChessBase"]
[SourceDate "2011.11.24"]
[SourceVersion "1"]
[SourceVersionDate "2011.11.24"]
[SourceQuality "1"]

1. d4 Nf6 2. Nf3 e6 3. Bg5 h6 4. Bxf6 Qxf6 5. e4 d6 6. Nc3 Nd7 7. Qe2 a6 8. 0-0-0 Qd8 9. h4 Be7 10. g4 c6 11. Kb1 b5 12. d5 b4 13. dxe6 bxc3 14. exd7+ Bxd7 15. e5 Qb6 16. b3 d5 17. Nd4 Qb4 18. Qd3 c5 19. e6 fxe6 20. Qg6+ Kd8 21. Nxe6+ Bxe6 22. Qxe6 d4 23. Rh3 Rf8 24. Re3 Ra7 25. Bxa6 Rd7 26. Qc6 Qb8 27. Re6 Rd6 28. Rxd6+ Bxd6 29. Re1 Qc7 30. Qe4 Qa7 31. Qc6 Qc7 32. Qd5 Re8 33. Qa8+ Qb8 34. Qxb8+ Bxb8 35. Rxe8+ Kxe8 36. Kc1 Ke7 37. Kd1 Kf6 38. Ke2 Ke5 39. h5 Bc7 40. f3 Bd8 41. Kd3 Bg5 42. Bb7 Kd6 43. Be4 Kc7 44. Kc4 Kb6 45. a3 Be3 46. Kd5 Bc1 47. Ke6 Bxa3 48. Kf7 c4 49. bxc4 Kc5 50. Kxg7 Bc1 51. Kf6 Kxc4 52. Kf5 Kc5 53. f4 Kd6 54. g5 Ke7 55. Kg6 Bxf4 56. Kxh6 Kf7 57. Bd5+ Kf8 58. Bc4 Be3 59. Kg6 d3 60. Bxd3 Kg8 61. Bc4+ Kh8 62. h6 Bd2 63. Kh5 Be3 64. Bd3 Bd4 65. g6 1-0

[Event "Vignola Weekend-A 9th"]
[Site "Vignola"]
[Date "2010.11.14"]
[Round "5"]
[White "Malfagia, Andrea"]
[Black "Gilevich, Artem"]
[Result "1-0"]
[WhiteElo "2269"]
[BlackElo "2231"]
[PlyCount "131"]
[EventDate "2010.11.12"]
[EventType "swiss"]
[EventRounds "5"]
[EventCountry "ITA"]
[SourceTitle "EXT 2024"]
[Source "ChessBase"]
[SourceDate "2023.10.10"]
[SourceVersion "1"]
[SourceVersionDate "2023.10.10"]
[SourceQuality "1"]

1. d4 Nf6 2. c4 c5 3. d5 b5 4. cxb5 a6 5. bxa6 Bxa6 6. Nc3 g6 7. Nf3 Bg7 8. g3 0-0 9. Bg2 d6 10. Rb1 Nbd7 11. 0-0 Qc7 12. b3 Rfb8 13. Qc2 Qa7 14. h3 Ne8 15. Bb2 c4 16. Ne4 f5 17. Neg5 c3 18. Ba1 Bb7 19. a4 Bxd5 20. Rfd1 Nb6 21. e4 Bxe4 22. Nxe4 fxe4 23. Qxe4 Qd7 24. Nd4 d5 25. Qe2 Rc8 26. Rbc1 e5 27. Nb5 Qf7 28. Rxc3 d4 29. Rxc8 Rxc8 30. a5 Na8 31. Qf3 Rb8 32. Qd5 Nac7 33. Nxc7 Nxc7 34. Qxf7+ Kxf7 35. Rc1 Na6 36. Rc6 Nb4 37. Rc7+ Kg8 38. Rb7 Rxb7 39. Bxb7 Bf8 40. Kf1 Bc5 41. Ke2 Kf7 42. Bb2 Ke7 43. Ba3 Kd6 44. Bxb4 Bxb4 45. a6 Kc7 46. Kd3 Kb6 47. g4 Be7 48. Kc4 Bh4 49. f3 h6 50. b4 Bg3 51. b5 Bf2 52. Be4 d3 53. Bxd3 g5 54. Kd5 Bd4 55. Ke6 Ka7 56. Be4 Kb6 57. Bc6 Bc3 58. Kd7 Bb4 59. Ke6 Bc3 60. Kf5 Bd4 61. Kg6 Kc7 62. Kxh6 Be3 63. Kh5 Kd6 64. h4 gxh4 65. Kxh4 Ke6 66. Kh5 1-0

[Event "Perugia op 1st"]
[Site "Perugia"]
[Date "2009.09.25"]
[Round "2"]
[White "Cerasi, Umberto"]
[Black "Malfagia, Andrea"]
[Result "0-1"]
[WhiteElo "2051"]
[BlackElo "2271"]
[PlyCount "114"]
[EventDate "2009.09.25"]
[EventType "swiss"]
[EventRounds "5"]
[EventCountry "ITA"]
[SourceTitle "CBM 132 Extra"]
[Source "ChessBase"]
[SourceDate "2009.11.03"]
[SourceVersion "1"]
[SourceVersionDate "2009.11.03"]
[SourceQuality "1"]

1. d4 Nf6 2. c4 e6 3. Nc3 Bb4 4. Bg5 h6 5. Bh4 c5 6. d5 d6 7. e3 Bxc3+ 8. bxc3 e5 9. Bd3 e4 10. Bc2 Nbd7 11. Ne2 Qe7 12. Qb1 0-0 13. Ba4 Nb6 14. Bxf6 Qxf6 15. Bc2 Bg4 16. Qb3 Bxe2 17. Kxe2 Qe5 18. a4 f5 19. g3 Rab8 20. h4 Nd7 21. Kd2 Qf6 22. Bd1 Ne5 23. Be2 g6 24. Kc2 Kf7 25. Rab1 Qd8 26. a5 Qc7 27. Qb5 Ke7 28. Rb2 a6 29. Qa4 b6 30. axb6 Rxb6 31. Rxb6 Qxb6 32. Rb1 Qa7 33. Qa5 Nd7 34. f3 exf3 35. Bxf3 Rb8 36. Rxb8 Nxb8 37. e4 Nd7 38. exf5 gxf5 39. Qa4 Ne5 40. Bh5 Qa8 41. Qa5 Qb7 42. Qa4 Qc8 43. Kd2 Kf6 44. Be2 Ke7 45. Ke3 Qb7 46. Bh5 Nd7 47. Qc2 Ne5 48. Qxf5 Nxc4+ 49. Kf4 Qb2 50. Qf7+ Kd8 51. Qe8+ Kc7 52. Qc6+ Kb8 53. Qxa6 Qf2+ 54. Bf3 Qe3+ 55. Kg4 h5+ 56. Kxh5 Qxf3+ 57. Kh6 Qxd5 0-1

[Event "Perugia op"]
[Site "Perugia"]
[Date "2009.06.28"]
[Round "3"]
[White "Malfagia, Andrea"]
[Black "Lazic, Miroljub"]
[Result "0-1"]
[WhiteElo "2282"]
[BlackElo "2438"]
[PlyCount "112"]
[EventDate "2009.06.27"]
[EventType "swiss"]
[EventRounds "9"]
[EventCountry "ITA"]
[SourceTitle "EXT 2010"]
[Source "ChessBase"]
[SourceDate "2010.11.25"]
[SourceVersion "1"]
[SourceVersionDate "2010.11.25"]
[SourceQuality "1"]

1. d4 d5 2. c4 c6 3. Nc3 Nf6 4. cxd5 cxd5 5. Bf4 Nc6 6. e3 e6 7. Bd3 Bd6 8. Bxd6 Qxd6 9. f4 b6 10. Nf3 Bb7 11. Ne5 0-0 12. 0-0 Nb4 13. Bb1 Ne4 14. Nb5 Qe7 15. a3 Ba6 16. Qa4 Qe8 17. Bd3 Nxd3 18. Qxa6 Ndc5 19. dxc5 Nxc5 20. Nc7 Nxa6 21. Nxe8 Rfxe8 22. b4 Rac8 23. Rac1 Nb8 24. Kf2 Kf8 25. Ke2 Ke7 26. g4 f6 27. Nf3 Kd6 28. h4 a6 29. Kd2 Nc6 30. g5 a5 31. Rc3 axb4 32. axb4 Nxb4 33. Rb1 Rxc3 34. Kxc3 Nc6 35. Rxb6 e5 36. fxe5+ fxe5 37. h5 Re7 38. Ra6 Kc5 39. Kd2 e4 40. Ng1 Ra7 41. Rxa7 Nxa7 42. h6 g6 43. Nh3 Nc6 44. Nf4 Ne5 45. Kc3 Kd6 46. Kc2 Nf7 47. Nh3 Nd8 48. Nf4 Ke5 49. Kd2 d4 50. Nxg6+ hxg6 51. exd4+ Kxd4 52. h7 Nf7 53. Ke2 e3 54. Ke1 Kd3 55. Kd1 e2+ 56. Ke1 Nh8 0-1

[Event "Perugia op"]
[Site "Perugia"]
[Date "2009.06.27"]
[Round "2"]
[White "Laketic, Gojko"]
[Black "Malfagia, Andrea"]
[Result "1/2-1/2"]
[WhiteElo "2457"]
[BlackElo "2282"]
[PlyCount "121"]
[EventDate "2009.06.27"]
[EventType "swiss"]
[EventRounds "9"]
[EventCountry "ITA"]
[SourceTitle "EXT 2010"]
[Source "ChessBase"]
[SourceDate "2010.11.25"]
[SourceVersion "1"]
[SourceVersionDate "2010.11.25"]
[SourceQuality "1"]

1. e4 c5 2. Nf3 e6 3. d3 Nc6 4. g3 g6 5. Bg2 Bg7 6. 0-0 Nge7 7. Re1 d5 8. e5 b6 9. Bf4 h6 10. h4 a5 11. a4 Ba6 12. Na3 Qd7 13. c3 g5 14. hxg5 Ng6 15. gxh6 Bxh6 16. Bxh6 Rxh6 17. d4 cxd4 18. cxd4 Ke7 19. Qb3 Nb4 20. Nc2 Nd3 21. Re3 Ndf4 22. Qa3+ Ke8 23. gxf4 Nxf4 24. Bf1 f6 25. exf6 Rg6+ 26. Kh1 Qh7+ 27. Nh2 Bxf1 28. Rxf1 Rxf6 29. Ne1 Rh6 30. Nef3 Kd7 31. Rc1 Rxh2+ 32. Nxh2 Rh8 33. Rh3 Qxh3 34. Qxh3 Rxh3 35. f3 Ne2 36. Rb1 Rh4 37. Kg2 Rxd4 38. Kf2 Nf4 39. b3 e5 40. Ng4 Kd6 41. Kg3 Rd2 42. b4 Ne2+ 43. Kh3 Nc3 44. Rb3 d4 45. bxa5 bxa5 46. Rb6+ Kd5 47. Ra6 Nxa4 48. Rxa5+ Nc5 49. Nf6+ Ke6 50. Rxc5 Kxf6 51. Kg3 Kf5 52. Rc8 Re2 53. Rd8 Re3 54. Kf2 Ra3 55. Rf8+ Ke6 56. Rd8 Ra2+ 57. Kg3 Ra7 58. f4 Ra3+ 59. Kf2 Kf5 60. fxe5 Kxe5 61. Ke2 1/2-1/2

[Event "Perugia op"]
[Site "Perugia"]
[Date "2009.06.27"]
[Round "1"]
[White "Malfagia, Andrea"]
[Black "Saponara, Nicola"]
[Result "1-0"]
[WhiteElo "2282"]
[BlackElo "1808"]
[PlyCount "53"]
[EventDate "2009.06.27"]
[EventType "swiss"]
[EventRounds "9"]
[EventCountry "ITA"]
[SourceTitle "EXT 2010"]
[Source "ChessBase"]
[SourceDate "2010.11.25"]
[SourceVersion "1"]
[SourceVersionDate "2010.11.25"]
[SourceQuality "1"]

1. d4 Nf6 2. c4 g6 3. Nc3 Bg7 4. e4 d6 5. f3 0-0 6. Bg5 h6 7. Be3 a6 8. Qd2 Kh7 9. 0-0-0 Nbd7 10. e5 Ng8 11. e6 fxe6 12. Bd3 c6 13. h4 Rf7 14. Bxg6+ Kxg6 15. Qc2+ Rf5 16. g4 Ndf6 17. Nge2 Kf7 18. gxf5 exf5 19. Nf4 e6 20. Rhg1 Ne7 21. d5 cxd5 22. cxd5 e5 23. Ne6 Bxe6 24. dxe6+ Kf8 25. Qd2 f4 26. Bc5 Ne8 27. Bxd6 1-0

[Event "Umbria Regional-ch"]
[Site "Foligno"]
[Date "2009.06.06"]
[Round "5"]
[White "Malfagia, Andrea"]
[Black "Ragnini, Damiano"]
[Result "1-0"]
[WhiteElo "2282"]
[BlackElo "1819"]
[PlyCount "89"]
[EventDate "2009.06.05"]
[EventType "swiss"]
[EventRounds "6"]
[EventCountry "ITA"]
[SourceTitle "EXT 2011"]
[Source "ChessBase"]
[SourceDate "2010.11.26"]
[SourceVersion "1"]
[SourceVersionDate "2010.11.26"]
[SourceQuality "1"]

1. d4 d5 2. c4 e6 3. Nc3 Nf6 4. cxd5 exd5 5. Bg5 Nbd7 6. e3 Be7 7. Bd3 h6 8. Bh4 Nb6 9. Qc2 Be6 10. Nf3 a6 11. 0-0 0-0 12. Ne5 Nbd7 13. f4 Nxe5 14. dxe5 Ng4 15. Bxe7 Qxe7 16. Rae1 h5 17. h3 Nh6 18. f5 Bd7 19. Nxd5 Qxe5 20. Bc4 Nxf5 21. Rxf5 Bxf5 22. Qxf5 Qxf5 23. Ne7+ Kh8 24. Nxf5 g6 25. Nd4 b5 26. Bd5 Rad8 27. Bc6 Kg7 28. Rc1 Rd6 29. Kf2 f5 30. Bf3 Rf7 31. g3 Kh6 32. h4 Re7 33. Rc5 c6 34. Bxc6 Rc7 35. b4 Kg7 36. Bf3 Ra7 37. Bd5 Kf6 38. Kf3 g5 39. hxg5+ Kxg5 40. Be6 Kf6 41. Rxf5+ Kg6 42. Kf4 Re7 43. Ke5 Rb6 44. Rf6+ Kh7 45. Nf5 1-0

[Event "Mirandola Giovanni Pico op 1st"]
[Site "Mirandola"]
[Date "2008.01.13"]
[Round "5"]
[White "Malfagia, Andrea"]
[Black "Buriani, Andrea"]
[Result "1-0"]
[WhiteElo "2264"]
[BlackElo "2148"]
[PlyCount "95"]
[EventDate "2008.01.11"]
[EventType "swiss"]
[EventRounds "5"]
[EventCountry "ITA"]
[SourceTitle "EXT 2009"]
[Source "ChessBase"]
[SourceDate "2008.11.26"]
[SourceVersion "1"]
[SourceVersionDate "2008.11.26"]
[SourceQuality "1"]

1. d4 d5 2. c4 dxc4 3. e3 e5 4. Bxc4 exd4 5. exd4 Bd6 6. Nf3 Nf6 7. h3 0-0 8. 0-0 Bf5 9. Nc3 Nbd7 10. Be3 c6 11. Rc1 Nb6 12. Bb3 Nfd5 13. Bg5 f6 14. Bd2 Qd7 15. Nxd5 Nxd5 16. Bxd5+ cxd5 17. Qb3 Be6 18. Bb4 Bxb4 19. Qxb4 Rac8 20. Rfe1 Rc6 21. Rxc6 Qxc6 22. Nd2 Re8 23. Nb1 Bd7 24. Rxe8+ Bxe8 25. Nc3 Qe6 26. Qxb7 Qe1+ 27. Kh2 Qxf2 28. Qxd5+ Kf8 29. Qd6+ Kf7 30. Qc7+ Kg8 31. Qb8 Kf8 32. d5 Kf7 33. Qc7+ Kf8 34. Qd6+ Kf7 35. b4 Qe3 36. Qc7+ Kf8 37. Qc5+ Qxc5 38. bxc5 f5 39. Kg3 g5 40. h4 h6 41. hxg5 hxg5 42. Kf3 Ke7 43. Ke3 Kf6 44. Kd4 a6 45. c6 g4 46. Ne2 a5 47. g3 a4 48. a3 1-0

[Event "Correggio op 1st"]
[Site "Correggio"]
[Date "2007.12.08"]
[Round "3"]
[White "Reggi, Matteo"]
[Black "Malfagia, Andrea"]
[Result "0-1"]
[WhiteElo "1856"]
[BlackElo "2244"]
[PlyCount "66"]
[EventDate "2007.12.07"]
[EventType "swiss"]
[EventRounds "6"]
[EventCountry "ITA"]
[SourceTitle "EXT 2010"]
[Source "ChessBase"]
[SourceDate "2010.11.25"]
[SourceVersion "1"]
[SourceVersionDate "2010.11.25"]
[SourceQuality "1"]

1. e4 e6 2. d4 d5 3. Nc3 Bb4 4. Nge2 Nf6 5. Bg5 dxe4 6. a3 Be7 7. Bxf6 gxf6 8. Nxe4 b6 9. N2c3 f5 10. Ng3 Bb7 11. Bc4 Bf6 12. Nge2 Qe7 13. Qd3 Nc6 14. 0-0-0 0-0-0 15. Qe3 f4 16. Nxf4 Bxd4 17. Rxd4 Rxd4 18. Bb5 Rhd8 19. Nd3 Na5 20. Ne2 Re4 21. Qd2 Rxe2 22. Qxe2 Qg5+ 23. Qe3 Qxb5 24. Nb4 Nc4 25. Qc3 Qg5+ 26. Kb1 Nd2+ 27. Ka2 a5 28. Nd3 Ne4 29. Qe1 Qd5+ 30. Ka1 Qc4 31. f3 Qxc2 32. Ne5 Nf2 33. Qe3 Nd1 0-1

[Event "Assisi op-A"]
[Site "Assisi"]
[Date "2006.02.05"]
[Round "6"]
[White "Caruso, Augusto"]
[Black "Malfagia, Andrea"]
[Result "1-0"]
[WhiteElo "2232"]
[BlackElo "2244"]
[PlyCount "41"]
[EventDate "2006.02.02"]
[EventType "swiss"]
[EventRounds "6"]
[EventCountry "ITA"]
[SourceTitle "EXT 2007"]
[Source "ChessBase"]
[SourceDate "2006.11.23"]
[SourceVersion "1"]
[SourceVersionDate "2006.11.23"]
[SourceQuality "1"]

1. Nc3 c5 2. Nf3 Nc6 3. e4 e6 4. d4 cxd4 5. Nxd4 Qc7 6. g3 a6 7. Bg2 Nf6 8. 0-0 Bc5 9. Nb3 Be7 10. a4 b6 11. Nd5 exd5 12. exd5 Bb7 13. dxc6 dxc6 14. Bf4 Qd8 15. Qxd8+ Rxd8 16. Bc7 Nd7 17. Rfe1 Nc5 18. Nxc5 bxc5 19. Bxd8 Kxd8 20. Rad1+ Ke8 21. Bh3 1-0

[Event "Assisi op-A"]
[Site "Assisi"]
[Date "2006.02.04"]
[Round "5"]
[White "Korneev, Oleg"]
[Black "Malfagia, Andrea"]
[Result "1-0"]
[WhiteElo "2649"]
[BlackElo "2244"]
[PlyCount "77"]
[EventDate "2006.02.02"]
[EventType "swiss"]
[EventRounds "6"]
[EventCountry "ITA"]
[SourceTitle "EXT 2007"]
[Source "ChessBase"]
[SourceDate "2006.11.23"]
[SourceVersion "1"]
[SourceVersionDate "2006.11.23"]
[SourceQuality "1"]

1. e4 e6 2. d4 d5 3. Nc3 Bb4 4. e5 c5 5. a3 Bxc3+ 6. bxc3 Ne7 7. Qg4 Qc7 8. Qxg7 Rg8 9. Qxh7 cxd4 10. Ne2 Nbc6 11. f4 Bd7 12. Qd3 dxc3 13. Rb1 d4 14. h4 Nf5 15. h5 0-0-0 16. Rg1 f6 17. g4 fxe5 18. gxf5 exf5 19. Rxg8 Rxg8 20. Qc4 Rg4 21. fxe5 Qxe5 22. Qd3 Qe7 23. Qh3 Qe4 24. h6 Rh4 25. Qg3 Ne5 26. h7 d3 27. Qg8+ Kc7 28. h8Q Rxh8 29. Qxh8 dxc2 30. Rxb7+ Kxb7 31. Bg2 Qxg2 32. Qxe5 Qh1+ 33. Kf2 Bc6 34. Qxf5 Qh4+ 35. Ke3 Ka6 36. Nd4 Qe1+ 37. Kd3 Qxc1 38. Qc8+ Bb7 39. Qe6+ 1-0

[Event "Bologna-ch 2nd"]
[Site "Bologna"]
[Date "2005.10.23"]
[Round "7"]
[White "Conti, Valerio"]
[Black "Malfagia, Andrea"]
[Result "0-1"]
[WhiteElo "2201"]
[BlackElo "2242"]
[PlyCount "56"]
[EventDate "2005.10.15"]
[EventType "swiss"]
[EventRounds "8"]
[EventCountry "ITA"]
[SourceTitle "EXT 2007"]
[Source "ChessBase"]
[SourceDate "2006.11.23"]
[SourceVersion "1"]
[SourceVersionDate "2006.11.23"]
[SourceQuality "1"]

1. e4 e6 2. d4 d5 3. Nc3 Bb4 4. e5 c5 5. a3 Bxc3+ 6. bxc3 Ne7 7. Nf3 b6 8. Bb5+ Bd7 9. Be2 Ba4 10. 0-0 Qc7 11. Ra2 Nd7 12. Re1 h6 13. g3 0-0 14. Nh4 b5 15. f4 Rac8 16. Bd3 cxd4 17. cxd4 Nb6 18. f5 Nxf5 19. Nxf5 exf5 20. Bxf5 Qc4 21. Qg4 Kh8 22. Bxh6 gxh6 23. Bd3 Qc3 24. Rf1 Rc6 25. Rf4 Nc4 26. Qf5 Rg6 27. e6 Qe1+ 28. Rf1 Qxe6 0-1

[Event "Bologna-ch 2nd"]
[Site "Bologna"]
[Date "2005.10.16"]
[Round "4"]
[White "Tomba, Ivan"]
[Black "Malfagia, Andrea"]
[Result "1-0"]
[WhiteElo "2244"]
[BlackElo "2242"]
[PlyCount "69"]
[EventDate "2005.10.15"]
[EventType "swiss"]
[EventRounds "8"]
[EventCountry "ITA"]
[SourceTitle "EXT 2007"]
[Source "ChessBase"]
[SourceDate "2006.11.23"]
[SourceVersion "1"]
[SourceVersionDate "2006.11.23"]
[SourceQuality "1"]

1. e4 c5 2. Nf3 d6 3. d4 cxd4 4. Nxd4 Nf6 5. Nc3 g6 6. Be3 Bg7 7. f3 0-0 8. Qd2 Nc6 9. 0-0-0 d5 10. Kb1 Nxd4 11. e5 Nxf3 12. gxf3 Nh5 13. Nxd5 Be6 14. f4 Qxd5 15. Qxd5 Bxd5 16. Rxd5 Bh6 17. Bc4 Rfc8 18. b3 Rc7 19. Rf1 Rac8 20. e6 f5 21. Rd7 Nf6 22. Bxa7 b5 23. Bxb5 Rxc2 24. Rxe7 Rxh2 25. Rf2 Rxf2 26. Bxf2 Nd5 27. Re8+ Rxe8 28. Bxe8 Bxf4 29. Bc5 Bg5 30. Bc6 Ne7 31. Bb7 Kf8 32. a4 Ke8 33. a5 Bf4 34. a6 Bb8 35. b4 1-0